| 000 -LEADER |
| fixed length control field |
00578cam a2200193 a 4500 |
| 020 ## - INTERNATIONAL STANDARD BOOK NUMBER |
| ISBN |
0585069239 (electronic bk.) |
| 020 ## - INTERNATIONAL STANDARD BOOK NUMBER |
| ISBN |
1573561649 (case : alk. paper) |
| 020 ## - INTERNATIONAL STANDARD BOOK NUMBER |
| ISBN |
1573561657 (pbk. : alk. paper) |
| 040 ## - CATALOGING SOURCE |
| Transcribing agency |
DLC |
| 082 00 - DEWEY DECIMAL CLASSIFICATION NUMBER |
| Classification number |
808 ORX 1998 A093 Or. |
| 100 1# - MAIN ENTRY--AUTHOR NAME |
| Personal name |
Day, Robert A., |
| 245 10 - TITLE STATEMENT |
| Title |
How to write & publish a scientific paper / |
| 246 3# - VARYING FORM OF TITLE |
| Title proper/short title |
How to write and publish a scientific paper |
| 250 ## - EDITION STATEMENT |
| Edition statement |
5th ed. |
| 260 ## - PUBLICATION, DISTRIBUTION, ETC. (IMPRINT) |
| Place of publication |
Phoenix, Az. : |
| Name of publisher |
Oryx Press, |
| Year of publication |
1998. |
| 300 ## - PHYSICAL DESCRIPTION |
| Number of Pages |
xvi, 275 p. : |
| Other physical details |
ill. ; |
| Dimensions |
23 cm. |
| 650 #0 - SUBJECT ADDED ENTRY--TOPICAL TERM |
| Topical Term |
Technical writing. |
| 942 ## - ADDED ENTRY ELEMENTS (KOHA) |
| Koha item type |
សៀវភៅភាសាអង់គ្លេស |
| 952 ## - LOCATION AND ITEM INFORMATION (KOHA) |
| Withdrawn status [LOCAL, KOHA] |
0 |
| 952 ## - LOCATION AND ITEM INFORMATION (KOHA) |
| Withdrawn status [LOCAL, KOHA] |
0 |